000 00699nam a22002297a 4500
999 _c12841
_d12841
003 AR-CdUCM
008 190410b ||||| |||| 00| 0 spa d
020 _a9972-627-14-4
040 _aMUNICIPALIDAD PROVINCIAL DEL CUSCO
_cBIBLIOTECA MUNICIPAL DEL CUSCO
082 _27ed.
_a869.56 /
_bZ75 / 1997
100 _aZevallos, Andrés
_930925
245 _aCuentos del Tío Lino /
260 _aCajamarca :
_bLluvia editores,
_c1997.
300 _a33 páginas ;
_bilustraciones,
_c13 cm.
505 _aContenido: Cuentos.
650 _aSiglo XX
_98
650 _aLiteratura Peruana
_9132
650 _aCuentos
_9217
650 _aCajamarca
_97054
942 _2ddc
_cLIBROS
945 _aachl
_d2019-04-10